<?xml version="1.0" encoding="UTF-8"?>
<record
    xmlns:xsi="http://www.w3.org/2001/XMLSchema-instance"
    xsi:schemaLocation="http://www.loc.gov/MARC21/slim http://www.loc.gov/standards/marcxml/schema/MARC21slim.xsd"
    xmlns="http://www.loc.gov/MARC21/slim">

  <leader>03380nam a2200313 i 4500</leader>
  <controlfield tag="001">000047536</controlfield>
  <controlfield tag="003">DO-SdBNP</controlfield>
  <controlfield tag="005">20250821141625.0</controlfield>
  <controlfield tag="007">ta</controlfield>
  <controlfield tag="008">180621s2001    dr a          000   spa d</controlfield>
  <datafield tag="020" ind1=" " ind2=" ">
    <subfield code="a">9993430285</subfield>
  </datafield>
  <datafield tag="040" ind1=" " ind2=" ">
    <subfield code="a">DO-SdBNP</subfield>
    <subfield code="b">spa</subfield>
    <subfield code="c">BNPHU</subfield>
    <subfield code="e">rda</subfield>
  </datafield>
  <datafield tag="041" ind1=" " ind2=" ">
    <subfield code="a">spa</subfield>
  </datafield>
  <datafield tag="082" ind1=" " ind2="4">
    <subfield code="a">780.15</subfield>
    <subfield code="b">V718e</subfield>
    <subfield code="2">22</subfield>
  </datafield>
  <datafield tag="100" ind1=" " ind2=" ">
    <subfield code="a">Villanueva, Rafael,</subfield>
    <subfield code="e">autor</subfield>
    <subfield code="4">aut.</subfield>
    <subfield code="9">46550</subfield>
  </datafield>
  <datafield tag="245" ind1="1" ind2="0">
    <subfield code="a">Ensayos sobre m&#xFA;sica /</subfield>
    <subfield code="c">Rafael Villanueva ; edici&#xF3;n, Ana Rosa Sosa Vda. Villanueva ; pr&#xF3;logo, Julio de Windt</subfield>
  </datafield>
  <datafield tag="264" ind1=" " ind2="1">
    <subfield code="a">Santo Domingo :</subfield>
    <subfield code="b">Banco Central de la Rep&#xFA;blica Dominicana,</subfield>
    <subfield code="c">2001.</subfield>
  </datafield>
  <datafield tag="300" ind1=" " ind2=" ">
    <subfield code="a">392 p&#xE1;ginas :</subfield>
    <subfield code="b">ilustraciones ;</subfield>
    <subfield code="c">24 cm.</subfield>
  </datafield>
  <datafield tag="336" ind1=" " ind2=" ">
    <subfield code="a">texto</subfield>
    <subfield code="b">txt</subfield>
    <subfield code="2">rdacontent</subfield>
  </datafield>
  <datafield tag="337" ind1=" " ind2=" ">
    <subfield code="a">sin mediaci&#xF3;n</subfield>
    <subfield code="b">n</subfield>
    <subfield code="2">rdamedia</subfield>
  </datafield>
  <datafield tag="338" ind1=" " ind2=" ">
    <subfield code="a">volumen</subfield>
    <subfield code="b">nc</subfield>
    <subfield code="2">rdacarrier</subfield>
  </datafield>
  <datafield tag="505" ind1=" " ind2=" ">
    <subfield code="a">Rafael Villanueva (1947-1995) 11 -- Presentaci&#xF3;n - Teo Veras 13 -- Pr&#xF3;logo - Julio De Windt 15 -- La interpretaci&#xF3;n musical 21 -- Sobre la m&#xFA;sica sacra 26 -- La misa como forma musical 32 -- El oratorio 39 -- La pasi&#xF3;n en la m&#xFA;sica sacra 45 -- Las pasiones de J. S. Bach 50 -- Giovanni Pierluigi da Palestrina 56 -- Claudio Monteverdi 62 -- Francois Couperin El Grande 68 -- Las Sonatas y partitas para viol&#xED;n de J. S. Bach 74 -- Las suites inglesas y francesas de J. S. Bach 78 -- G. F. Handel y El Mes&#xED;as 82 -- Dos visiones del barroco 90 -- Haydn, Par&#xED;s... y Bernstein 96 -- Wolfgang Amadeus Mozart 103 -- Mozart y la Sinf&#xF3;nica 108 -- Mozart visto por otros ojos 115 -- Mozart y el cuarteto para cuerdas 121 -- Los quintetos para cuerdas de W. A. Mozart 125 -- Los conciertos para piano y orquesta de Mozart 130 -- W. A. Mozart : una cronolog&#xED;a 135 -- El concierto 141 -- Las sinfon&#xED;as de Beethoven y la tradici&#xF3;n 147 -- Las sinfon&#xED;as de Beethoven y la musicolog&#xED;a 152 -- Harnoncourt dirige las sinfon&#xED;as de Beethoven 158 -- Beethoven y sus trios para piano y cuerdas 164 -- Los &#xFA;ltimos cuartetos de Beethoven 169 -- Schubert, el desconocido 175 -- F&#xE9;lix Mendelssohn 182 -- Kempff interpreta a Schumann 187 -- Schumann y Brahms y sus cuartetos para cuerdas 194 -- La m&#xFA;sica para piano y Johannes Brahms 200 -- H&#xE9;ctor Berlioz 205 -- El virtuosismo 211 -- La multiplicidad de Franz Liszt 217 -- Saint-Saens y los problemas de la sinfon&#xED;a rom&#xE1;ntica 229 -- Anton Bruckner 235 -- Los 150 a&#xF1;os de la Filarm&#xF3;nica de Viena 239 -- La dinast&#xED;a Strauss 248 -- Actualidad de Tchaikovsky 256 -- Los ballets de P. I. Tchaikovsky 263 -- Espa&#xF1;a en su m&#xFA;sica para piano 269 -- Las obras orquestales de R. Strauss 273 -- Gustav Mahler, nuestro contempor&#xE1;neo 278 -- Edvard Grieg 290 -- Rimsky-Korsakov y el arte de la orquestaci&#xF3;n 294 -- Sergei Rachmaninoff 300 -- Las sinfon&#xED;as de Jean Sibelius 305 -- La m&#xFA;sica de c&#xE1;mara de Gabriel Faur&#xE9; 310 -- Sergie Prokofiev 314 -- La m&#xFA;sica para piano de Maurice Ravel 319 -- Las sinfon&#xED;as de Carl Nielsen 325 -- Paul Hindemith y su m&#xFA;sica de c&#xE1;mara 331 -- Leonard Bernstein 337 -- Claudio Arrau 343 -- El arte de dirigir la orquesta 348 -- Los Grandes directores: Wilhelm Furtwangler 365 -- Arturo Toscanini 372 -- Bruno Walter 379 -- Otto Klemperer 386</subfield>
  </datafield>
  <datafield tag="590" ind1=" " ind2=" ">
    <subfield code="a">Inventariado,2018/DG</subfield>
  </datafield>
  <datafield tag="650" ind1=" " ind2="4">
    <subfield code="a">M&#xFA;sica orquestal</subfield>
    <subfield code="x">Historia y cr&#xED;tica - Hasta S. XX</subfield>
    <subfield code="9">86768</subfield>
  </datafield>
  <datafield tag="700" ind1="1" ind2=" ">
    <subfield code="a">Sosa Vda. Villanueva, Ana Rosa,</subfield>
    <subfield code="e">editor</subfield>
    <subfield code="4">ed.</subfield>
    <subfield code="9">88521</subfield>
  </datafield>
  <datafield tag="700" ind1="1" ind2=" ">
    <subfield code="a">De Windt, Julio,</subfield>
    <subfield code="e">prologuista</subfield>
    <subfield code="4">pr.</subfield>
    <subfield code="9">88522</subfield>
  </datafield>
  <datafield tag="910" ind1=" " ind2=" ">
    <subfield code="a">DG</subfield>
  </datafield>
  <datafield tag="942" ind1=" " ind2=" ">
    <subfield code="2">ddc</subfield>
    <subfield code="c">LBS1</subfield>
  </datafield>
  <datafield tag="952" ind1=" " ind2=" ">
    <subfield code="0">0</subfield>
    <subfield code="1">0</subfield>
    <subfield code="2">ddc</subfield>
    <subfield code="5">1</subfield>
    <subfield code="7">0</subfield>
    <subfield code="8">PD</subfield>
    <subfield code="a">BNPHU</subfield>
    <subfield code="b">BNPHU</subfield>
    <subfield code="c">CT</subfield>
    <subfield code="d">2018-06-21</subfield>
    <subfield code="l">0</subfield>
    <subfield code="o">BNPHU PD  780.15 V718e</subfield>
    <subfield code="p">47536-10</subfield>
    <subfield code="r">2020-06-25</subfield>
    <subfield code="w">2020-06-25</subfield>
    <subfield code="y">LBS1</subfield>
    <subfield code="Z">No se presta</subfield>
  </datafield>
  <datafield tag="952" ind1=" " ind2=" ">
    <subfield code="0">0</subfield>
    <subfield code="1">0</subfield>
    <subfield code="2">ddc</subfield>
    <subfield code="5">1</subfield>
    <subfield code="7">0</subfield>
    <subfield code="8">PD</subfield>
    <subfield code="a">BNPHU</subfield>
    <subfield code="b">BNPHU</subfield>
    <subfield code="c">CT</subfield>
    <subfield code="d">2024-10-28</subfield>
    <subfield code="e">Donado por la Presidencia de la Rep&#xFA;blica Dominicana 2023</subfield>
    <subfield code="l">0</subfield>
    <subfield code="o">BNPHU PD 780.15 V718e</subfield>
    <subfield code="p">2024-6185</subfield>
    <subfield code="r">2024-10-28</subfield>
    <subfield code="t">e.2</subfield>
    <subfield code="w">2024-10-28</subfield>
    <subfield code="y">LBS1</subfield>
    <subfield code="z">Pertenecio a la biblioteca personal de Emilio Cordero Michel</subfield>
  </datafield>
  <datafield tag="952" ind1=" " ind2=" ">
    <subfield code="0">0</subfield>
    <subfield code="1">0</subfield>
    <subfield code="2">ddc</subfield>
    <subfield code="5">6</subfield>
    <subfield code="7">0</subfield>
    <subfield code="8">DS</subfield>
    <subfield code="a">BNPHU</subfield>
    <subfield code="b">BNPHU</subfield>
    <subfield code="c">CT</subfield>
    <subfield code="d">2025-08-21</subfield>
    <subfield code="e">Donado por Santiago Elm&#xFA;desi Porcella</subfield>
    <subfield code="l">0</subfield>
    <subfield code="o">BNPHU DS 780.15 V718e</subfield>
    <subfield code="p">2025-8656</subfield>
    <subfield code="r">2025-08-21</subfield>
    <subfield code="t">e.3</subfield>
    <subfield code="w">2025-08-21</subfield>
    <subfield code="y">LBS1</subfield>
  </datafield>
  <datafield tag="952" ind1=" " ind2=" ">
    <subfield code="0">0</subfield>
    <subfield code="1">0</subfield>
    <subfield code="2">ddc</subfield>
    <subfield code="5">6</subfield>
    <subfield code="7">0</subfield>
    <subfield code="8">DS</subfield>
    <subfield code="a">BNPHU</subfield>
    <subfield code="b">BNPHU</subfield>
    <subfield code="c">CT</subfield>
    <subfield code="d">2025-08-21</subfield>
    <subfield code="e">Donado por Nelson A. B&#xE1;ez</subfield>
    <subfield code="l">0</subfield>
    <subfield code="o">BNPHU DS 780.15 V718e</subfield>
    <subfield code="p">2025-8657</subfield>
    <subfield code="r">2025-08-21</subfield>
    <subfield code="t">e.4</subfield>
    <subfield code="w">2025-08-21</subfield>
    <subfield code="y">LBS1</subfield>
  </datafield>
  <datafield tag="999" ind1=" " ind2=" ">
    <subfield code="c">47024</subfield>
    <subfield code="d">47024</subfield>
  </datafield>
</record>
